| 000 | 00333nam a2200133Ia 4500 | ||
|---|---|---|---|
| 005 | 20260328104311.0 | ||
| 008 | 260328s9999||||xx |||||||||||||| ||und|| | ||
| 100 | _aFahey, John | ||
| 245 | 0 |
_aEarly Europe : _b my steries in stone / _cJohn Fahey |
|
| 260 | _bTime Life | ||
| 300 | _a167 p. | ||
| 650 | _aCIVILIZACIONES | ||
| 942 | _cREF | ||
| 999 |
_c10976 _d10976 |
||